Cuaderno 8 (XXVIII) 1931-1932: Miscelánea y apuntes de filosofía III /
Uloženo v:
| Hlavní autor: | |
|---|---|
| Médium: | Text |
| Tagy: |
Přidat tag
Žádné tagy, Buďte první, kdo vytvoří štítek k tomuto záznamu!
|
MARC
| LEADER | 00000 a a2200000 04500 | ||
|---|---|---|---|
| 001 | 45609 | ||
| 003 | |||
| 040 | |||
| 020 | |a 968-411-076-6 | ||
| 090 | |a 03.03.01 G747c T3 | ||
| 100 | |a Gramsci, Antonio | ||
| 245 | |a Cuaderno 8 (XXVIII) 1931-1932: |b Miscelánea y apuntes de filosofía III / |c Antonio Gramsci | ||
| 773 | |g (1984), Páginas 211-348 | ||
| 999 | |c 35419 |d 35419 | ||



